| 000 | 00707nam a22002297a 4500 | ||
|---|---|---|---|
| 999 |
_c10124 _d10124 |
||
| 003 | AR-CdUCM | ||
| 008 | 190329b ||||| |||| 00| 0 spa d | ||
| 040 |
_aMUNICIPALIDAD PROVINCIAL DEL CUSCO _cBIBLIOTECA MUNICIPAL DEL CUSCO |
||
| 041 | _hfr | ||
| 082 |
_23ed _aES / 800 / _bL45 |
||
| 100 |
_aLenniger, Bruno _926793 |
||
| 245 | _aLas cruzadas / | ||
| 260 |
_aBarcelona : _bEditorial Bruguera, _c1963. |
||
| 300 |
_a255 páginas ; _bIlustraciones, _c19 cm. |
||
| 440 |
_aColección historias _926794 |
||
| 505 | _aContenido: Literatura juvenil. | ||
| 650 |
_aLiteratura juvenil _91580 |
||
| 650 |
_aHistoria universal _91423 |
||
| 650 |
_aObra literaria _9308 |
||
| 942 |
_2ddc _cLIBROS |
||
| 945 | _adavv | ||